Cuentos clásicos juveniles / (Registro nro. 8741)

Detalles MARC
000 -LIDER
fixed length control field 01042nam a22003377a 4500
001 - NÚMERO DE CONTROL
Identificador de número de control 0125
003 - IDENTIFICACDOR DE NÚMERO DE CONTROL
control field DO-SdBNP
005 - DATE AND TIME OF LATEST TRANSACTION
control field 20180126085430.0
007 - CAMPOS FIJOS DE DESCRIPCIÓN FÍSICA
fixed length control field 0125
008 - ELEMENTOS DE LONGITUD FIJA
fixed length control field 151005b1999 mx 00| 0 spa d
020 ## - ISBN
International Standard Book Number 968190320X
040 ## - FUENTE DE CATALOGACIÓN
Agencia que crea de manera original el registro BPMSU
Idioma de catalogación spa
Agencia que realiza la transcripción BPMSU
245 13 - MENCIÓN DE TITULO
Título Cuentos clásicos juveniles /
Subtítulo antología
Mención de responsabilidad Alexander Pushkin, Fiodor Dostoievski, León Tolstoi, Mark Twain, J. M. Eca de Queirós, guy de Maupassant, Oscar Wilde ; prólogo Conrado Zuluaga.
250 ## - MENCIÓN DE EDICION
Mención de edición 2a. ed.
260 ## - PUBLICACIÓN, DISTRIBUCIÓN, ETC. (PIE DE IMPRENTA)
Lugar de publicación, distribución, etc México :
Nombre del editor, distribuidor, etc. Alfaguara,
Fecha de publicación, distribución, etc 1999.
300 ## - DESCRIPCIÓN FÍSICA
Extensión 107 p. :
Dimensiones 22 cm.
490 1# - MENCIÓN DE SERIES
Mención de serie Alfaguara juvenil
500 ## - NOTA GENERAL
Nota general Incluye datos biografícos de los autores.
700 12 - ASIENTO SECUNDARIO -- NOMBRE PERSONAL
Nombre personal Pushkin, Alexander
700 12 - ASIENTO SECUNDARIO -- NOMBRE PERSONAL
Nombre personal Dostoievski, Fiodor
700 12 - ASIENTO SECUNDARIO -- NOMBRE PERSONAL
Nombre personal Tolstoi, León
700 12 - ASIENTO SECUNDARIO -- NOMBRE PERSONAL
Nombre personal Twain, Mark
700 12 - ASIENTO SECUNDARIO -- NOMBRE PERSONAL
Nombre personal Eca de Queirós, J. M.
700 12 - ASIENTO SECUNDARIO -- NOMBRE PERSONAL
Nombre personal Maupassant, Guy de
700 12 - ASIENTO SECUNDARIO -- NOMBRE PERSONAL
Nombre personal Wilde, Oscar
700 12 - ASIENTO SECUNDARIO -- NOMBRE PERSONAL
Nombre personal Zuluaga, Conrado
Mención de responsabilidad prol.
830 #0 - ASIENTO SECUNDARIO DE SERIE--TÍTULO UNIFORME
Título uniforme Alfaguara juvenil
942 ## - ADDED ENTRY ELEMENTS (KOHA)
Source of classification or shelving scheme Dewey Decimal Classification
Koha item type Libros
945 ## - INFORMACIÓN DE PROCESAMIENTO LOCAL
Información de procesamiento local Inventariado, 2018/MFF
956 ## - LOCAL ELECTRONIC LOCATION AND ACCESS (OCLC)
Nombre de host Yngrid Lockward
Existencias
Withdrawn status Lost status Source of classification or shelving scheme Damaged status Not for loan Collection code Home library Current library Date acquired Source of acquisition Total Checkouts Barcode Date last seen Price effective from Koha item type
    Dewey Decimal Classification     Colección General Biblioteca Pública Metropolitana Salomé Ureña Biblioteca Pública Metropolitana Salomé Ureña 11/17/2015 Donación   BPMSU15110304 11/17/2015 11/17/2015 Libros